000
00317nam a22001337a 4500
003
SGT
020
_a
81-7888-583-2
082
_a
070
_b
GHO
100
_a
GHOSE, SUPATRO
245
_a
A TEXTBOOK OF INTERVIEW JOURNALISM AND TELEVISION ANCHORING
260
_a
INDIA
_b
DOMINAND
_c
2011
300
_a
300
942
_2
ddc
_c
BK
999
_c
22108
_d
22108